Państwa o najdłuższych liniach brzegowych A-Z - Statystyki

Ogólne statystyki
  • Ten quiz został rozwiązany 206 razy
  • Średni wynik to 19 z 24
Statystyki odpowiedzi
- Długość linii
brzegowej
Państwo % Poprawnych
C 14,500 Chiny
95%
K 202,080 Kanada
95%
B 7,490 Brazylia
93%
O 3,165 Oman
92%
R 37 653 Rosja
92%
S 19,924 Stany Zjednoczone
92%
A 25 760 Australia
91%
Ł 498 Łotwa
91%
I 54,720 Indonezja
90%
D 51,500 Dania (wraz z Grenlandią)
88%
J 29 751 Japonia
85%
N 58,133 Norwegia
84%
V 2,528 Vanuatu
79%
H 4,964 Hiszpania
78%
F 36 289 Filipiny
77%
M 9,330 Meksyk
75%
T 7,200 Turcja
75%
G 13,676 Grecja
71%
E 3,794 Estonia
65%
W 12,429 Wielka Brytania
65%
U 2,782 Ukraina
63%
Z 1,318 Zjednoczone Emiraty Arabskie
63%
L 1,770 Libia
56%
P 5,152 Papua-Nowa Gwinea
43%
Nie znaleziono quizów pasujących do podanych kryteriów
Rozkład punktacji
Procent ludzi z każdym wynikiem
Percentyl według liczby udzielonych odpowiedzi
Twoja historia wyników
Nie rozwiązałeś tego quizu